[Event "Irkutsk-ch"]
[Site "Irkutsk"]
[Date "2017.02.12"]
[Round "3"]
[White "Lukyanov, Vladimir1111"]
[Black "Tikhonov, Vasily"]
[Result "0-1"]
[WhiteElo "1845"]
[BlackElo "1954"]
[PlyCount "68"]
[EventDate "2017.02.04"]
[EventType "swiss"]
[EventRounds "9"]
[EventCountry "RUS"]
[SourceTitle "CBM 177 Extra"]
[Source "ChessBase"]
[SourceDate "2017.04.27"]
[SourceVersion "1"]
[SourceVersionDate "2017.04.27"]
[SourceQuality "1"]

1. c4 Nf6 2. Nf3 c5 3. g3 b6 4. Bg2 Bb7 5. b3 e6 6. Bb2 Be7 7. 0-0 0-0 8. Nc3 d6 9. d4 cxd4 10. Nxd4 Bxg2 11. Kxg2 Qc8 12. e4 Qb7 13. Qf3 Nbd7 14. Kg1 a6 15. Rfe1 Rfd8 16. Rad1 Rac8 17. Re2 Ne5 18. Qg2 Nc6 19. Nxc6 Qxc6 20. Ba3 Qc7 21. Rd3 b5 22. cxb5 Qa5 23. Bb2 axb5 24. e5 dxe5 25. Rxd8+ Rxd8 26. Qb7 Bb4 27. Nxb5 Qxa2 28. Qc7 Rd1+ 29. Kg2 Qb1 30. Qc8+ Bf8 31. Ba3 Rg1+ 32. Kf3 Qd3+ 33. Re3 Qd5+ 34. Ke2 Qd1# 0-1

[Event "Irkutsk Baykal op"]
[Site "Irkutsk"]
[Date "2015.07.26"]
[Round "9"]
[White "Bychkov, Vladimir"]
[Black "Tikhonov, Vasily"]
[Result "1-0"]
[WhiteElo "2000"]
[BlackElo "1961"]
[PlyCount "91"]
[EventDate "2015.07.18"]
[EventType "swiss"]
[EventRounds "9"]
[EventCountry "RUS"]
[SourceTitle "EXT 2016"]
[Source "ChessBase"]
[SourceDate "2015.10.08"]
[SourceVersion "1"]
[SourceVersionDate "2015.10.08"]
[SourceQuality "1"]

1. c4 Nf6 2. Nc3 e5 3. g3 Nc6 4. Bg2 Bb4 5. a3 Bxc3 6. bxc3 0-0 7. Nf3 d6 8. 0-0 Bg4 9. Rb1 Rb8 10. h3 Bf5 11. d3 h6 12. e4 Bd7 13. Nh4 Qc8 14. Kh2 g5 15. Qf3 Kg7 16. Nf5+ Kg6 17. Nxh6 Nh7 18. Nf5 f6 19. h4 Rh8 20. Bh3 Nf8 21. Rh1 Ne6 22. Kg2 gxh4 23. Nxh4+ Kf7 24. Nf5 Ng7 25. Be3 Nxf5 26. Bxf5 Rxh1 27. Rxh1 Bxf5 28. exf5 Qg8 29. Rh6 Ke7 30. g4 Rf8 31. Qh3 Kd8 32. Qh4 Ne7 33. Kf1 Kd7 34. f3 b5 35. Rxf6 bxc4 36. Rxf8 Qxf8 37. Qh7 Kc6 38. dxc4 Kb7 39. Bg5 Nc6 40. Bh6 Qe8 41. f6 Qe6 42. f7 Qxc4+ 43. Kf2 Qxc3 44. Qb1+ Ka6 45. f8Q Nd4 46. Qc8+ 1-0

[Event "Irkutsk Baykal op"]
[Site "Irkutsk"]
[Date "2015.07.25"]
[Round "8"]
[White "Tikhonov, Vasily"]
[Black "Kuzmin, Andrey"]
[Result "1/2-1/2"]
[WhiteElo "1961"]
[BlackElo "1744"]
[PlyCount "55"]
[EventDate "2015.07.18"]
[EventType "swiss"]
[EventRounds "9"]
[EventCountry "RUS"]
[SourceTitle "EXT 2016"]
[Source "ChessBase"]
[SourceDate "2015.10.08"]
[SourceVersion "1"]
[SourceVersionDate "2015.10.08"]
[SourceQuality "1"]

1. e4 e6 2. d4 d5 3. Nc3 Nf6 4. Bg5 Bb4 5. e5 h6 6. exf6 hxg5 7. fxg7 Rg8 8. Qh5 Qf6 9. 0-0-0 Bxc3 10. bxc3 Qxg7 11. Nf3 Nd7 12. h4 g4 13. Ne5 Nxe5 14. Qxe5 Qxe5 15. dxe5 Bd7 16. Be2 c5 17. f3 g3 18. h5 Ke7 19. f4 f6 20. h6 fxe5 21. h7 Rh8 22. fxe5 Raf8 23. Rd3 Bb5 24. Re3 Bxe2 25. Rxe2 Rf2 26. Kd2 Rf7 27. Re3 Rf2+ 28. Re2 1/2-1/2

[Event "Irkutsk Ermolaev Memorial 5th"]
[Site "Irkutsk"]
[Date "2011.08.14"]
[Round "9"]
[White "Tikhonov, Vasily"]
[Black "Grigoriev, Elisey"]
[Result "0-1"]
[WhiteElo "1970"]
[BlackElo "2072"]
[PlyCount "58"]
[EventDate "2011.08.06"]
[EventType "swiss"]
[EventRounds "9"]
[EventCountry "RUS"]
[SourceTitle "CBM 144 Extra"]
[Source "ChessBase"]
[SourceDate "2011.10.28"]
[SourceVersion "1"]
[SourceVersionDate "2011.10.28"]
[SourceQuality "1"]

1. e4 c5 2. Nc3 d6 3. g3 Nc6 4. Bg2 g6 5. d3 Bg7 6. Nge2 Rb8 7. f4 e6 8. 0-0 Nge7 9. g4 f5 10. Ng3 0-0 11. h4 Bd4+ 12. Kh2 Bg7 13. h5 e5 14. exf5 gxf5 15. g5 h6 16. Nd5 Be6 17. c4 b5 18. b3 bxc4 19. dxc4 e4 20. Rb1 Bxd5 21. cxd5 Nd4 22. Nxe4 fxe4 23. Bxe4 Nef5 24. Qg4 hxg5 25. fxg5 Be5+ 26. Bf4 Ne3 27. Qh4 Nxf1+ 28. Rxf1 Rxf4 29. Rxf4 Qf8 0-1

[Event "Irkutsk-ch op"]
[Site "Irkutsk"]
[Date "2011.04.21"]
[Round "6"]
[White "Tikhonov, Vasily"]
[Black "Sechkin, Alexandr"]
[Result "1/2-1/2"]
[WhiteElo "1914"]
[BlackElo "1780"]
[PlyCount "130"]
[EventDate "2011.04.16"]
[EventType "swiss"]
[EventRounds "9"]
[EventCountry "RUS"]
[SourceTitle "EXT 2013"]
[Source "ChessBase"]
[SourceDate "2012.11.22"]
[SourceVersion "1"]
[SourceVersionDate "2012.11.22"]
[SourceQuality "1"]

1. e4 c6 2. c4 d5 3. exd5 cxd5 4. cxd5 Qxd5 5. Nc3 Qa5 6. d4 Nf6 7. Bc4 e6 8. Nf3 Bb4 9. Bd2 0-0 10. 0-0 Nc6 11. a3 Bxc3 12. Bxc3 Qd8 13. Qe2 a6 14. Rad1 Qc7 15. Ne5 b5 16. Ba2 Bb7 17. f4 Qb6 18. Kh1 Rad8 19. f5 exf5 20. Rxf5 Nxe5 21. dxe5 Rxd1+ 22. Qxd1 Qc6 23. Qf1 Nd5 24. Rf3 Qe6 25. Qe1 Qc6 26. Qf2 Qe6 27. h3 Rc8 28. Qh4 Re8 29. Bb1 Nxc3 30. Bxh7+ Kf8 31. Rxc3 Qxe5 32. Qb4+ Qe7 33. Rc7 Qxb4 34. axb4 Re7 35. Rxe7 Kxe7 36. Bd3 Ke6 37. Kg1 Ke5 38. Kf2 Kd4 39. Be2 Be4 40. h4 f5 41. g3 g6 42. g4 fxg4 43. Bxg4 Bd3 44. Bc8 Kc4 45. Ke3 Bb1 46. Bxa6 Kxb4 47. Kd4 Bf5 48. Ke5 Bd3 49. Kd4 Be2 50. Bb7 Kb3 51. Be4 Bh5 52. Kc5 b4 53. Bd3 Kxb2 54. Kxb4 Kc1 55. Kc3 Kd1 56. Kd4 Ke1 57. Ke3 Kd1 58. Be4 Ke1 59. Kf4 Kf2 60. Bc6 Bd1 61. Be4 Bh5 62. Kg5 Kg3 63. Bd5 Kh3 64. Be6+ Kg3 65. Bd7 Be2 1/2-1/2

[Event "Irkutsk-ch op"]
[Site "Irkutsk"]
[Date "2011.04.18"]
[Round "3"]
[White "Tikhonov, Vasily"]
[Black "Kopylov, Oleg"]
[Result "1-0"]
[WhiteElo "1914"]
[BlackElo "1992"]
[PlyCount "57"]
[EventDate "2011.04.16"]
[EventType "swiss"]
[EventRounds "9"]
[EventCountry "RUS"]
[SourceTitle "EXT 2013"]
[Source "ChessBase"]
[SourceDate "2012.11.22"]
[SourceVersion "1"]
[SourceVersionDate "2012.11.22"]
[SourceQuality "1"]

1. e4 e5 2. Nf3 Nc6 3. Nc3 Bc5 4. Nxe5 Nxe5 5. d4 Bd6 6. dxe5 Bxe5 7. f4 Bxc3+ 8. bxc3 Ne7 9. c4 0-0 10. Bb2 Nc6 11. Qd2 Qe7 12. 0-0-0 d6 13. Bd3 Bd7 14. Rde1 a6 15. g4 b5 16. g5 a5 17. Qc3 f6 18. gxf6 gxf6 19. cxb5 Nb4 20. Bc4+ Be6 21. Qb3 Bxc4 22. Qxc4+ d5 23. exd5 Qd6 24. Rd1 Rad8 25. Ba3 Rfe8 26. c3 Nd3+ 27. Rxd3 Qxa3+ 28. Kb1 Re2 29. Rg3+ 1-0

[Event "Irkutsk-ch op"]
[Site "Irkutsk"]
[Date "2011.04.16"]
[Round "1"]
[White "Rozhnev, Gennady"]
[Black "Tikhonov, Vasily"]
[Result "1-0"]
[WhiteElo "2151"]
[BlackElo "1914"]
[PlyCount "127"]
[EventDate "2011.04.16"]
[EventType "swiss"]
[EventRounds "9"]
[EventCountry "RUS"]
[SourceTitle "EXT 2013"]
[Source "ChessBase"]
[SourceDate "2012.11.22"]
[SourceVersion "1"]
[SourceVersionDate "2012.11.22"]
[SourceQuality "1"]

1. Nf3 Nf6 2. g3 g6 3. Bg2 Bg7 4. 0-0 0-0 5. c4 c5 6. Nc3 Nc6 7. d3 b6 8. Bg5 h6 9. Bf4 Bb7 10. Qd2 Kh7 11. e4 d6 12. Rae1 e5 13. Be3 Nd4 14. Bxd4 cxd4 15. Ne2 Bc8 16. b4 Bg4 17. Kh1 Qd7 18. Nfg1 Rac8 19. b5 a5 20. h3 Be6 21. g4 Ng8 22. Ng3 Ne7 23. Qe2 f5 24. exf5 gxf5 25. gxf5 Nxf5 26. Nxf5 Bxf5 27. f4 Kh8 28. fxe5 dxe5 29. Rf3 Bh7 30. Ref1 Qd6 31. Rxf8+ Rxf8 32. Rxf8+ Qxf8 33. Be4 Bxe4+ 34. Qxe4 Qa3 35. Nf3 Qxa2 36. Nxe5 Qa1+ 37. Kg2 Qc3 38. Ng6+ Kg8 39. Ne7+ Kf7 40. Nf5 Bf8 41. Nxd4 Qd2+ 42. Kf3 Qd1+ 43. Qe2 Qh1+ 44. Qg2 Qd1+ 45. Ke4 a4 46. Qf3+ Qxf3+ 47. Nxf3 a3 48. Nd2 Bb4 49. Nb3 Ke6 50. Nc1 Bc3 51. d4 Kd6 52. Kd3 Ba1 53. Nb3 Bb2 54. Kc2 Kc7 55. c5 Kb7 56. Kb1 Kc7 57. Ka2 Kb7 58. c6+ Kc7 59. d5 Be5 60. Nd2 Bd6 61. Nc4 Bc5 62. d6+ Kc8 63. d7+ Kc7 64. Nxa3 1-0

[Event "Irkutsk Veda op"]
[Site "Irkutsk"]
[Date "2010.08.18"]
[Round "4"]
[White "Tikhonov, Vasily"]
[Black "Amosova, Dariya"]
[Result "1-0"]
[WhiteElo "1876"]
[BlackElo "1579"]
[PlyCount "71"]
[EventDate "2010.08.15"]
[EventType "swiss"]
[EventRounds "9"]
[EventCountry "RUS"]
[SourceTitle "CBM 138 Extra"]
[Source "ChessBase"]
[SourceDate "2010.10.29"]
[SourceVersion "1"]
[SourceVersionDate "2010.10.29"]
[SourceQuality "1"]

1. Nf3 d5 2. d4 c6 3. c4 Nf6 4. Nc3 Bf5 5. cxd5 cxd5 6. Bf4 e6 7. e3 a6 8. Ne5 Be7 9. Be2 0-0 10. 0-0 Nbd7 11. Qb3 Qb6 12. Qxb6 Nxb6 13. a4 Nbd7 14. g4 Bc2 15. g5 Ne4 16. Nxd7 Rfd8 17. Nb6 Ra7 18. Rac1 Bb3 19. Nxe4 dxe4 20. Nc8 Ra8 21. Nxe7+ Kf8 22. Rc7 Bxa4 23. Rfc1 Rd7 24. Rxd7 Bxd7 25. Bd6 Ke8 26. d5 b5 27. dxe6 fxe6 28. f3 a5 29. fxe4 Ra6 30. e5 Rb6 31. h4 b4 32. Bd3 g6 33. h5 Kf7 34. hxg6+ hxg6 35. Bxg6+ Kg7 36. Rf1 1-0

[Event "Irkutsk-ch sf"]
[Site "Irkutsk"]
[Date "2010.02.21"]
[Round "2"]
[White "Tikhonov, Vasily"]
[Black "Mufazalov, Egor"]
[Result "1-0"]
[WhiteElo "1860"]
[BlackElo "1734"]
[PlyCount "87"]
[EventDate "2010.02.20"]
[EventType "swiss"]
[EventRounds "7"]
[EventCountry "RUS"]
[SourceTitle "EXT 2022"]
[Source "ChessBase"]
[SourceDate "2021.10.06"]
[SourceVersion "1"]
[SourceVersionDate "2021.10.06"]
[SourceQuality "1"]

1. d4 d5 2. Nc3 Bf5 3. f3 Nf6 4. Bg5 h6 5. Bxf6 exf6 6. e4 dxe4 7. fxe4 Bh7 8. Bb5+ c6 9. Be2 Bb4 10. Bf3 0-0 11. Nge2 Re8 12. 0-0 Nd7 13. a3 Bxc3 14. bxc3 Nb6 15. Ng3 Qc7 16. a4 a6 17. Qe2 c5 18. a5 Nd7 19. Qf2 Rac8 20. e5 cxd4 21. Bg4 Rxe5 22. Qxd4 Rd8 23. Rfd1 f5 24. Bf3 Ree8 25. Bd5 Nf6 26. c4 Bg6 27. c3 Rd7 28. Rf1 Ng4 29. Rf3 Kh8 30. h3 Nf6 31. Nxf5 Bxf5 32. Rxf5 Rc8 33. Rxf6 gxf6 34. Qxf6+ Kg8 35. Qg6+ Kh8 36. Qxh6+ Kg8 37. Qg5+ Kh8 38. Qf6+ Kg8 39. Rf1 Qc5+ 40. Kh1 Qf8 41. Rf5 Re8 42. Rg5+ Kh7 43. Rh5+ Kg8 44. Rh8# 1-0

[Event "Sibiria Region-ch"]
[Site "Irkutsk"]
[Date "2009.05.14"]
[Round "6"]
[White "Ginzburg, Alexander"]
[Black "Tikhonov, Vasily"]
[Result "1-0"]
[WhiteElo "2021"]
[BlackElo "1851"]
[PlyCount "61"]
[EventDate "2009.05.10"]
[EventType "swiss"]
[EventRounds "9"]
[EventCountry "RUS"]
[SourceTitle "CBM 130 Extra"]
[Source "ChessBase"]
[SourceDate "2009.07.02"]
[SourceVersion "2"]
[SourceVersionDate "2009.07.15"]
[SourceQuality "1"]

1. e4 Nf6 2. e5 Nd5 3. d4 d6 4. Nf3 Bg4 5. Be2 dxe5 6. dxe5 Nc6 7. 0-0 e6 8. Bg5 Be7 9. Bxe7 Qxe7 10. h3 Bh5 11. Nbd2 0-0-0 12. Re1 Nf4 13. c3 f5 14. Bb5 Nb8 15. Qc2 g5 16. Nd4 g4 17. h4 Nh3+ 18. gxh3 Rhg8 19. Nxf5 gxh3+ 20. Kh1 Qc5 21. Rg1 Qd5+ 22. Qe4 Qxe4+ 23. Nxe4 Bf3+ 24. Kh2 exf5 25. Nf6 Rxg1 26. Rxg1 Bg2 27. e6 Nc6 28. Bxc6 Bxc6 29. e7 Rh8 30. Rg7 b6 31. Rf7 1-0

[Event "Sibiria Region-ch"]
[Site "Irkutsk"]
[Date "2009.05.14"]
[Round "7"]
[White "Tikhonov, Vasily"]
[Black "Podsevny, Alexander"]
[Result "1-0"]
[WhiteElo "1851"]
[BlackElo "2086"]
[PlyCount "69"]
[EventDate "2009.05.10"]
[EventType "swiss"]
[EventRounds "9"]
[EventCountry "RUS"]
[SourceTitle "CBM 130 Extra"]
[Source "ChessBase"]
[SourceDate "2009.07.02"]
[SourceVersion "2"]
[SourceVersionDate "2009.07.15"]
[SourceQuality "1"]

1. e4 c5 2. Nf3 g6 3. g3 Bg7 4. Bg2 Nc6 5. 0-0 Nf6 6. d3 0-0 7. c3 b5 8. Be3 d6 9. h3 Rb8 10. Nbd2 Nd7 11. Qc2 Nb6 12. Nh4 e5 13. Kh2 Nd4 14. cxd4 exd4 15. Bf4 g5 16. Bxg5 Qxg5 17. f4 Qe7 18. Rae1 Bd7 19. b3 a5 20. Qd1 a4 21. Qh5 Rfc8 22. g4 axb3 23. axb3 Ra8 24. Nf5 Qf8 25. Nf3 Bxf5 26. Qxf5 Ra3 27. Ng5 Qe7 28. e5 h6 29. exd6 Qd7 30. Qh7+ Kf8 31. Re7 hxg5 32. Rxd7 Nxd7 33. Qf5 Ra7 34. fxg5 Nb6 35. Bd5 1-0